| 000 | 00998nam0a22003371 4500 | ||
|---|---|---|---|
| 001 | RU\NLR\A1SV\145018 | ||
| 005 | 20251203171251.9 | ||
| 035 | _a(NLR Aleph) 011131212 | ||
| 090 |
_a11568793 _c11568793 |
||
| 100 | _a20130119d1920 u y0rusy50 ca | ||
| 101 | 0 | _arus | |
| 102 | _aRU | ||
| 200 | 1 |
_aПролетарий _fН.Степной (Н.Афиногенов) _gОбл. Г.Р. |
|
| 210 |
_aСамара _cИзд. Самар. губ. агентства Центропечати _d1920 |
||
| 215 |
_a[2], 72 с. _d26 см |
||
| 316 |
_aЭкз. РГБ с автогр. _5РГБ |
||
| 620 | _dСамара | ||
| 700 | 1 |
_6z01790 _aСтепной _bН. _f1878-1947 |
|
| 702 | 0 | _aГ.Р. | |
| 790 | 1 |
_6z01702 _aАфиногенов _bН. |
|
| 801 | 0 |
_aRU _bNLR _c20130119 |
|
| 899 | _aНБ СОИКМ | ||
| 899 | _aСамОУНБ | ||
| 899 | _aРГБ | ||
| 899 | _aНБ СОИКМ | ||
| 899 | _aСамОУНБ | ||
| 899 | _aРГБ | ||
| 942 | _cBOOK | ||
| 980 | _aNB | ||
| 980 | _aA1SV | ||